| 000 | 00403nam a22001697a 4500 | ||
|---|---|---|---|
| 005 | 20160527110040.0 | ||
| 008 | 160527b xxu||||| |||| 00| 0 eng d | ||
| 020 | _a81-203-2598-2 | ||
| 041 | _aeng | ||
| 082 | _b5410 | ||
| 100 |
_aSrinivasaran, R _91355 |
||
| 245 | _aService Marketing | ||
| 260 |
_aNew Delhi _bAcademic Faundation _c2004 |
||
| 300 | _a240 | ||
| 650 |
_aManagement _9241 |
||
| 942 | _cBK | ||
| 999 |
_c1927 _d1926 |
||